Scott Eastwood Filmography - Statistics

General Stats
  • This quiz has been taken 18 times
    5 since last reset
  • The average score is 33 of 45
Answer Stats
Type Year Name % Correct
Film 2023 Fast X
100%
Film 2014 Fury
100%
Film 2008 Gran Torino
100%
Film 2018 Pacific Rim: Uprising
100%
Film 2025 Regretting You
100%
Film 2016 Snowden
100%
Film TBA Stolen Girl
100%
Film 2016 Suicide Squad
100%
Film 2017 The Fate of the Furious
100%
Film 2015 The Longest Ride
100%
Music Video 2015 Wildest Dreams
100%
Film TBA Wind River: Rising
100%
Film 2025 Alarum
67%
Film 2007 An American Crime
67%
Film 2012 Chasing Mavericks
67%
TV Show 2013 Chicago Fire
67%
Film 2021 Dangerous
67%
Film 2014 Dawn Patrol
67%
Film 2015 Diablo
67%
Film 2011 Enter Nowhere
67%
Film 2006 Flags of Our Fathers
67%
Film 2009 Invictus
67%
Film 2022 I Want You Back
67%
Film TBA Lucky Strike
67%
Film 2015 Mercury Plains
67%
Film 2017 Overdrive
67%
Film TBA Pearl
67%
Film 2008 Player 5150
67%
Film 2007 Pride
67%
Film 2009 Shannon's Rainbow
67%
Film 2013 Texas Chainsaw 3D
67%
Short Film 2015 The Bachelor with Dogs and Scott Eastwood
67%
Film 2012 The Forger
67%
Film 2011 The Lion of Judah
67%
Film 2020 The Outpost
67%
Film 2014 The Perfect Wave
67%
Short Film 2011 Thule
67%
Film 2025 Tin Soldier
67%
Film 2012 Trouble with the Curve
67%
Film 2017 Walk of Fame
67%
Film 2021 Wrath of Man
67%
Commercial 2017 BMW
33%
Commercial 2017 Davidoff - Cool Water
33%
TV Film 2012 Shelter
33%
Documentary TBA The Chainsaw Artist
33%
No matching quizzes found
Score Distribution
Percent of People with Each Score
Percentile by Number Answered
Your Score History
You have not taken this quiz since the last reset